| 000 | 00393nam a22001097a 4500 | ||
|---|---|---|---|
| 008 | 230629b xxu||||| |||| 00| 0 eng d | ||
| 082 |
_a338.911724005 _bUN 1996 |
||
| 245 |
_aExecutive Board of the United Nations Children's Fund _bReport on the First, Second and Third Regular Sessions and Annual Session of 1996 |
||
| 260 |
_aNew York _bUnited Nations _c1996 |
||
| 300 | _aV,146p | ||
| 942 |
_2ddc _cBK |
||
| 999 |
_c3012 _d3012 |
||